Pop Culture: Phoning It In Quiz Stats

 Plays Quiz Updated Mar 24, 2019

Score 0/20 Timer 06:00
1 Play Today
% Correct
The Lion King
97.2%
Superman
97.1%
E.T.: The Extra Terrestrial
97.1%
The Simpsons
96.9%
Harry Potter
96.9%
Finding Nemo
96%
Mario Kart
95.7%
Forrest Gump
95.2%
Up
94.8%
Despicable Me
94.3%
% Correct
Spongebob Squarepants
94%
Thor
93.9%
Edward Scissorhands
93.2%
Pinocchio
92.7%
Terminator 2
92.6%
Game of Thrones
87.8%
Top Gun
87.5%
Back to the Future 2
87.4%
Mission: Impossible
86.6%
Dragon Ball Z
63.9%

You're not logged in!

Compare scores with friends on all Sporcle quizzes.
OR
Log In

Sporcle TV

Today on Sporcle TV


Watch our educational content, quiz creation guides, and fun videos on Sporcle TV.

Show Comments

Extras

Top Quizzes Today


Score Distribution

Your Account Isn't Verified!

In order to create a playlist on Sporcle, you need to verify the email address you used during registration. Go to your Sporcle Settings to finish the process.

Report this User

Report this user for behavior that violates our Community Guidelines.

Details: